Sports Quiz

Random Sports or NFL Quiz

Players Drafted in the First Round (2001) Quiz Stats

 Plays Quiz not verified by Sporcle

Challenge
Share
Tweet
Embed
Score 0/31 Timer 10:00
0 Plays Today
Draft Pick (Position) % Correct
Pick 1 QB Michael Vick
95.7%
Pick 4 DE Justin Smith
71.7%
Pick 5 HB LaDainian Tomlinson
71.7%
Pick 30 WR Reggie Wayne
58.7%
Pick 6 DT Richard Seymour
52.2%
Pick 16 WR Santana Moss
50%
Pick 2 G Leonard Davis
43.5%
Pick 3 DT Gerard Warren
43.5%
Pick 7 DE Andre Carter
34.8%
Pick 17 G Steve Hutchinson
32.6%
Pick 9 WR Koren Robinson
30.4%
Pick 22 DB Will Allen
30.4%
Pick 31 TE Todd Heap
28.3%
Pick 18 T Jeff Backus
26.1%
Pick 19 NT Casey Hampton
23.9%
Pick 23 HB Deuce McAllister
21.7%
Draft Pick (Position) % Correct
Pick 8 WR David Terrell
19.6%
Pick 10 DE Jamal Reynolds
19.6%
Pick 11 LB Dan Morgan
17.4%
Pick 12 DT Damione Lewis
17.4%
Pick 14 T Kenyatta Walker
15.2%
Pick 21 DB Nate Clements
13%
Pick 25 WR Freddie Mitchell
13%
Pick 13 DT Marcus Stroud
10.9%
Pick 15 WR Rod Gardner
10.9%
Pick 29 DT Ryan Pickett
10.9%
Pick 27 HB Michael Bennett
8.7%
Pick 20 DB Adam Archuleta
6.5%
Pick 24 DB Willie Middlebrooks
6.5%
Pick 26 DB Jamar Fletcher
6.5%
Pick 28 DB Derrick Gibson
2.2%

You're not logged in!

Compare scores with friends on all Sporcle quizzes.
Join for Free
OR
Log In

You Might Also Like...

Show Comments

Extras

Created Nov 12, 2011ReportNominate
Tags:NFL Quiz, 1st Round, 2001, draft, player, round, team

Top Quizzes Today


Score Distribution

Your Account Isn't Verified!

In order to create a playlist on Sporcle, you need to verify the email address you used during registration. Go to your Sporcle Settings to finish the process.

Report this User

Report this user for behavior that violates our Community Guidelines.

Details: